Álgebra recreativa /
Guardado en:
| Autor Principal: | |
|---|---|
| Formato: | Libro |
| Idioma: | Spanish English |
| Publicado: |
Moscú :
Mir,
[1975?]
|
| Etiquetas: |
Agregar Etiqueta
Sin Etiquetas, Sea el primero en etiquetar este registro!
|
| LEADER | 00503nam a22001455a 4500 | ||
|---|---|---|---|
| 001 | MAT.inmabb006684 | ||
| 008 | 120824s1975####ru#a##########000#0#spa#d | ||
| 005 | 20150701143252.0 | ||
| 245 | 1 | 0 | |a Álgebra recreativa / |c Y. Perelman ; traducido del ruso por C. Pérez y F. Petrov. |
| 260 | |a Moscú : |b Mir, |c [1975?] | ||
| 300 | |a 179 p. : |b il. ; |c 23 cm. | ||
| 100 | 1 | |a Perel´man, IA. I. |q (IAkov Isidorovich), |d 1882-1942. | |
| 084 | |a 00A05 (00A08) |2 msc2000 | ||
| 041 | 1 | |a spa |h eng | |
| 859 | |h 00A08 |i P437a |p A-5266 |b BIB. MATEMATICA | ||
